Evaluation of the national Mortgage to Rent Scheme (Record no. 109172)
[ view plain ]
| 000 -LEADER | |
|---|---|
| fixed length control field | 01664cad a22003255a 4500 |
| 001 - CONTROL NUMBER | |
| control field | E146446 |
| 008 - FIXED-LENGTH DATA ELEMENTS--GENERAL INFORMATION | |
| fixed length control field | 090122s2008 xxk f s000 0 eng d |
| 020 ## - INTERNATIONAL STANDARD BOOK NUMBER | |
| International Standard Book Number | 9780755973354 |
| 035 ## - SYSTEM CONTROL NUMBER | |
| System control number | (Sirsi) u146446 |
| 041 0# - LANGUAGE CODE | |
| Language code of text/sound track or separate title | eng |
| 050 04 - LIBRARY OF CONGRESS CALL NUMBER | |
| Classification number | 306.1 $2 18 |
| 100 1# - MAIN ENTRY--PERSONAL NAME | |
| Personal name | Bramley, Glen |
| 245 00 - TITLE STATEMENT | |
| Title | Evaluation of the national Mortgage to Rent Scheme |
| Medium | [electronic resource] |
| 260 ## - PUBLICATION, DISTRIBUTION, ETC. | |
| Place of publication, distribution, etc. | Edinburgh |
| Name of publisher, distributor, etc. | Scottish Government Social Research |
| Date of publication, distribution, etc. | 2008 |
| 505 2# - FORMATTED CONTENTS NOTE | |
| Formatted contents note | Executive summary -- Introduction -- Policy review -- Role and purpose of scheme -- Scale of activity and need -- Profile and experience of applicants -- Administration of Scheme -- Lenders, debt and advice -- Landlords, rents and repairs -- Costs and value for money -- Shared equity and other options -- Synthesis of findings -- Recommendations -- References -- Appendices |
| 520 ## - SUMMARY, ETC. | |
| Summary, etc. | Sets out the results of research aimed at evaluating the operation and success of the Mortgage to Rent Scheme operated by the Scottish Government since 2003. The Scheme allows those threatened with the repossession of their home to stay in the property through its sale to a social landlord. |
| 521 ## - TARGET AUDIENCE NOTE | |
| Target audience note | Advanced |
| 590 ## - LOCAL NOTE (RLIN) | |
| Local note | KA |
| 651 #4 - SUBJECT ADDED ENTRY--GEOGRAPHIC NAME | |
| Geographic name | Scotland |
| Chronological subdivision | 1999- |
| 690 ## - LOCAL SUBJECT ADDED ENTRY--TOPICAL TERM (OCLC, RLIN) | |
| Topical term or geographic name as entry element | PROPERTY-RESIDENTIAL PROPERTY-DOMESTIC RESIDENTIAL PROPERTY-HOUSING |
| 700 1# - ADDED ENTRY--PERSONAL NAME | |
| Personal name | Karley, Noah Kofi |
| 700 1# - ADDED ENTRY--PERSONAL NAME | |
| Personal name | Morgan, James |
| 700 1# - ADDED ENTRY--PERSONAL NAME | |
| Personal name | Lederle, Nicole |
| 700 1# - ADDED ENTRY--PERSONAL NAME | |
| Personal name | Sosenko, Filip |
| 700 1# - ADDED ENTRY--PERSONAL NAME | |
| Personal name | Stephens, Mark |
| 700 1# - ADDED ENTRY--PERSONAL NAME | |
| Personal name | Wallace, Alison |
| 700 1# - ADDED ENTRY--PERSONAL NAME | |
| Personal name | Littlewood, Mandy |
| 856 40 - ELECTRONIC LOCATION AND ACCESS | |
| Uniform Resource Identifier | <a href="https://www.scotland.gov.uk/Publications/2008/12/11115931/0">https://www.scotland.gov.uk/Publications/2008/12/11115931/0</a> |
| Public note | View the report free of charge at www.scotland.gov.uk... |
| 942 ## - ADDED ENTRY ELEMENTS (KOHA) | |
| Suppress in OPAC | 0 |
| Withdrawn status | Lost status | Source of classification or shelving scheme | Damaged status | Not for loan | Home library | Current library | Shelving location | Date acquired | Total Checkouts | Full call number | Barcode | Date last seen | Copy number | Price effective from | Koha item type |
|---|---|---|---|---|---|---|---|---|---|---|---|---|---|---|---|
| Dewey Decimal Classification | Virtual | Virtual | Online | 22/01/2009 | ONLINE PUBLICATION | 146446-2001 | 06/08/2019 | 1 | 06/08/2019 | Book |